[Event "27th Czech Open A 2016"]
[Site "Pardubice CZE"]
[Date "2016.07.24"]
[Round "3.67"]
[White "Karousos-Theodorakis, Nikolaos"]
[Black "Kanovsky, David"]
[Result "1/2-1/2"]
[BlackTitle "IM"]
[WhiteElo "2222"]
[BlackElo "2430"]
[WhiteFideId "4275829"]
[BlackFideId "316210"]
[EventDate "2016.07.22"]

1. c4 e6 2. g3 d5 3. Bg2 Nf6 4. Nf3 dxc4 5. Qa4+ c6 6. Qxc4 b5 7. Qc2 Bb7 8. d4
Nbd7 9. Nc3 a6 10. O-O c5 11. dxc5 Bxc5 12. Bf4 Rc8 13. Qd2 O-O 14. a3 Qe7 15.
b4 Bxf3 16. Bxf3 e5 17. Bg5 Bd4 18. Rac1 Nb6 19. Bxf6 Qxf6 20. Ne4 Qe7 21. e3
Nc4 22. Rxc4 Rxc4 1/2-1/2

[Event "27th Czech Open A 2016"]
[Site "Pardubice CZE"]
[Date "2016.07.24"]
[Round "3.68"]
[White "Zwardon, Vojtech"]
[Black "Dobes, Vojtech"]
[Result "1-0"]
[WhiteTitle "IM"]
[WhiteElo "2421"]
[BlackElo "2220"]
[WhiteFideId "325511"]
[BlackFideId "333913"]
[EventDate "2016.07.22"]

1. c4 e6 2. g3 d5 3. Bg2 Nf6 4. Nf3 Be7 5. O-O O-O 6. b3 c5 7. Bb2 Nc6 8. cxd5
Nxd5 9. Na3 Bf6 10. Bxf6 Qxf6 11. Rc1 Qe7 12. Nc4 b6 13. e4 Nf6 14. e5 Nd5 15.
d4 Rd8 16. dxc5 Ne3 17. Qd6 Nxf1 18. Qxc6 Bb7 19. Qa4 Nxh2 20. Kxh2 Qxc5 21. b4
Qxf2 22. Rc2 b5 23. Rxf2 bxa4 24. Nd6 Bd5 25. Ng5 f6 26. exf6 gxf6 27. Bxd5 exd5
28. Rxf6 Rf8 29. Re6 Rad8 30. Kg2 d4 31. Nge4 d3 32. Re5 d2 33. Rg5+ Kh8 34. Rd5
Kg7 35. Rxd2 Rb8 36. a3 Rb6 37. Nc5 Rf6 38. Ne8+ 1-0

[Event "27th Czech Open A 2016"]
[Site "Pardubice CZE"]
[Date "2016.07.24"]
[Round "3.69"]
[White "Commercon, Simon"]
[Black "Padmini, Rout"]
[Result "1/2-1/2"]
[BlackTitle "IM"]
[WhiteElo "2221"]
[BlackElo "2415"]
[WhiteFideId "24620998"]
[BlackFideId "5029295"]
[EventDate "2016.07.22"]

1. d4 Nf6 2. Bg5 e6 3. e4 h6 4. Bxf6 Qxf6 5. c3 d5 6. Nd2 c5 7. Ngf3 cxd4 8.
Nxd4 dxe4 9. Nxe4 Qe5 10. Bb5+ Bd7 11. Qe2 a6 12. Bd3 Nc6 13. Nf3 Qc7 14. O-O
Be7 15. Ng3 g6 16. Rfe1 Kf8 17. Rad1 Kg7 18. h4 Rad8 19. h5 g5 20. Be4 Bd6 21.
Nf1 b5 22. Rd2 Bf4 23. Rdd1 Bc8 24. Rxd8 Rxd8 25. Rd1 Rxd1 26. Qxd1 Ne5 27. Qd4
f6 28. Nxe5 Bxe5 29. Qd3 f5 30. Ba8 g4 31. Ne3 Qd6 32. Qxd6 Bxd6 33. Bc6 Kf6 34.
Kf1 Kg5 35. Be8 f4 36. Nc2 e5 37. Nb4 Bxb4 38. cxb4 Bb7 39. g3 Bc8 40. Ke1 Kf5
41. Kd2 Ke4 42. Bc6+ Kd4 43. b3 fxg3 44. fxg3 e4 45. a4 e3+ 46. Ke1 Kc3 47. axb5
axb5 48. Bxb5 Kxb3 49. Ke2 Kxb4 50. Be8 Kc5 51. Kxe3 Kd6 52. Kf4 Ke7 53. Bg6 Kf6
54. Bd3 Be6 55. Be2 Bd7 56. Bxg4 Be6 57. Bf3 Bd7 58. Bg4 Bc6 1/2-1/2

[Event "27th Czech Open A 2016"]
[Site "Pardubice CZE"]
[Date "2016.07.24"]
[Round "3.70"]
[White "Moehn, Hans"]
[Black "Boehning, Kilian"]
[Result "1-0"]
[WhiteTitle "FM"]
[WhiteElo "2413"]
[BlackElo "2216"]
[WhiteFideId "24647837"]
[BlackFideId "1270499"]
[EventDate "2016.07.22"]

1. b3 e5 2. Bb2 Nc6 3. e3 d6 4. c4 f5 5. d4 e4 6. Ne2 Nf6 7. Nf4 g6 8. h4 Bh6 9.
g3 O-O 10. Be2 Qe7 11. Nc3 Bd7 12. Rc1 Bxf4 13. gxf4 h5 14. a3 Nd8 15. b4 c6 16.
d5 Ng4 17. c5 dxc5 18. bxc5 Kh7 19. Bxg4 hxg4 20. Qd4 Rg8 21. h5 g5 22. h6 Nf7
23. d6 Qe6 24. Ne2 g3 25. Nxg3 Nxh6 26. Nh5 Raf8 27. Kd2 g4 28. Nf6+ Kg6 29.
Nxg8 Rxg8 30. Qf6+ Qxf6 31. Bxf6 b5 32. Bc3 Nf7 33. Rh2 a6 34. Rch1 Be6 35. Rh7
Bc8 36. Kc2 Be6 37. Bb2 Bd5 38. d7 1-0

[Event "27th Czech Open A 2016"]
[Site "Pardubice CZE"]
[Date "2016.07.24"]
[Round "3.71"]
[White "Roubalik, Jakub"]
[Black "Difronzo, Andrea"]
[Result "1-0"]
[WhiteElo "2397"]
[BlackElo "2215"]
[WhiteFideId "322237"]
[BlackFideId "874566"]
[EventDate "2016.07.22"]

1. d4 Nf6 2. c4 g6 3. Nc3 d5 4. cxd5 Nxd5 5. Bd2 Nb6 6. e3 Bg7 7. f4 O-O 8. Nf3
N8d7 9. b4 c6 10. Be2 a5 11. a3 axb4 12. axb4 Rxa1 13. Qxa1 Nf6 14. O-O Be6 15.
Ne5 Qd6 16. Qb2 Ra8 17. Rc1 Bf8 18. Be1 Nfd7 19. Ne4 Qd5 20. Bf3 Nxe5 21. Nf6+
exf6 22. Bxd5 Nd3 23. Qb1 Nxc1 24. Bxe6 fxe6 25. Qxc1 Ra4 26. e4 Kf7 27. b5 Rc4
28. Qb1 c5 29. dxc5 Bxc5+ 30. Bf2 Ba3 31. Be3 Rc3 32. Bd2 Bc5+ 33. Kf1 Rc4 34.
g3 Rd4 35. Qc2 Nc4 36. Bc1 Ba3 37. Ke2 Bxc1 38. Qxc1 Rxe4+ 39. Kf3 Rd4 40. Qa1
Rd7 41. Qa8 Nd6 42. Qh8 Ne8 43. Qxh7+ Ng7 44. Qh8 Ne8 45. g4 Rd5 46. h4 Rxb5 47.
h5 Rb3+ 48. Ke2 gxh5 49. gxh5 Rg3 50. h6 Rg8 51. Qh7+ Kf8 52. Kd3 f5 53. Kd4 Nf6
54. Qxb7 Ng4 55. h7 Rh8 56. Qd7 Nf6 57. Qxe6 Nxh7 58. Qg6 1-0

[Event "27th Czech Open A 2016"]
[Site "Pardubice CZE"]
[Date "2016.07.24"]
[Round "3.72"]
[White "Lomasov, Semen"]
[Black "Poulopoulos, Ioannis"]
[Result "1/2-1/2"]
[WhiteTitle "FM"]
[WhiteElo "2395"]
[BlackElo "2212"]
[WhiteFideId "24164879"]
[BlackFideId "4218078"]
[EventDate "2016.07.22"]

1. e4 c5 2. Nf3 d6 3. Bb5+ Nd7 4. O-O a6 5. Bd3 Ngf6 6. a4 g6 7. c3 Ne5 8. Nxe5
dxe5 9. Qe2 Bg7 10. a5 O-O 11. Bc4 Bg4 12. f3 Bd7 13. d3 Bb5 14. Na3 Bxc4 15.
Nxc4 Nd7 16. Be3 Qc7 17. Rfb1 Rfd8 18. b4 cxb4 19. Rxb4 Rab8 20. Ba7 Rbc8 21.
Rab1 Nc5 22. Bb6 Qd7 23. Bxd8 Rxd8 24. Nxe5 Bxe5 25. d4 Na4 26. Qc2 Nxc3 27.
Qxc3 Bxd4+ 28. Rxd4 Qxd4+ 29. Qxd4 Rxd4 30. Rxb7 Ra4 31. Rxe7 Rxa5 32. Ra7 Kg7
33. Kf2 Ra2+ 34. Kg3 Kf6 35. f4 Ke6 36. h3 h5 37. e5 a5 38. Ra6+ Ke7 39. Kf3
Ra3+ 40. Ke4 Ra4+ 41. Ke3 Ra3+ 42. Kd4 1/2-1/2

[Event "27th Czech Open A 2016"]
[Site "Pardubice CZE"]
[Date "2016.07.24"]
[Round "3.73"]
[White "Krykun, Yuriy"]
[Black "Batchimeg, Tuvshintugs"]
[Result "0-1"]
[WhiteTitle "FM"]
[BlackTitle "IM"]
[WhiteElo "2217"]
[BlackElo "2391"]
[WhiteFideId "14140667"]
[BlackFideId "4900839"]
[EventDate "2016.07.22"]

1. Nf3 c5 2. c4 Nc6 3. Nc3 g6 4. e3 Nf6 5. d4 cxd4 6. exd4 d5 7. cxd5 Nxd5 8.
Bc4 Nxc3 9. Qb3 Nd5 10. Bxd5 e6 11. Bxc6+ bxc6 12. O-O Ba6 13. Bg5 Qd6 14. Rfc1
Bg7 15. Bh4 O-O 16. Bg3 Qd5 17. Qxd5 cxd5 18. Rc7 Rfc8 19. Rac1 Rxc7 20. Rxc7
Rc8 21. Rxc8+ Bxc8 22. Bd6 f6 23. Nd2 e5 24. f4 exd4 25. Bc5 f5 26. Bxa7 d3 27.
Kf2 Bxb2 28. Ke3 Ba6 29. Bd4 Ba3 30. Nb3 Bb4 31. Bb2 Bc4 32. a3 Be1 33. Nd2 Kf7
34. g3 Ke6 35. Bc3 Ba6 36. Nb1 Bxc3 37. Nxc3 Kd6 38. Nd1 Kc5 39. Nb2 d2 40. Na4+
Kb5 41. Nc3+ Kc4 42. Kxd2 d4 43. Nd1 Kb3 44. Nf2 Kxa3 45. Nd3 Bc4 46. h3 Ka4 47.
Ne5 Kb5 48. Nd7 Kc6 49. Nf6 h6 50. g4 Kd6 51. gxf5 gxf5 52. Nh5 Ba2 53. Kc2 Bd5
54. Kd3 Kc5 55. Ng3 Be6 56. Nh5 Bc4+ 57. Kd2 Bd5 58. h4 Be4 59. Nf6 Kd6 60. Ng8
Ke6 61. Nxh6 Kf6 62. Ke2 Kg7 63. Nxf5+ Bxf5 64. Kd2 Kg6 65. Kc1 Kh5 0-1

[Event "27th Czech Open A 2016"]
[Site "Pardubice CZE"]
[Date "2016.07.24"]
[Round "3.74"]
[White "Mueer, Sebastian"]
[Black "Schuh, Dirk"]
[Result "1-0"]
[BlackTitle "IM"]
[WhiteElo "2216"]
[BlackElo "2373"]
[WhiteFideId "24622001"]
[BlackFideId "4655311"]
[EventDate "2016.07.22"]

1. Nf3 d5 2. c4 d4 3. e3 Nc6 4. b4 dxe3 5. fxe3 Nxb4 6. d4 e5 7. a3 Nc6 8. Be2
exd4 9. exd4 Nf6 10. O-O Be7 11. Nc3 O-O 12. Bf4 Bg4 13. Be3 Re8 14. Qd2 Qd7 15.
Bd1 Na5 16. Ne5 Qe6 17. Rxf6 gxf6 18. Nxg4 Nxc4 19. Qd3 Nb2 20. Qf5 Nxd1 21.
Rxd1 Qxf5 22. Nh6+ Kh8 23. Nxf5 c6 24. d5 Bd8 25. Kf1 Re5 26. g4 Bb6 27. Bf4
Ree8 28. Bh6 Ba5 29. Bg7+ Kg8 30. Bxf6 Bxc3 31. Bxc3 cxd5 32. Rxd5 Rad8 33. Rc5
Rd7 34. Bf6 Rd1+ 35. Kf2 Rd2+ 36. Kg3 h6 37. Nxh6+ Kh7 38. Nf5 Rd3+ 39. Kf4 Rxa3
40. Ne7 Rh3 41. Rg5 1-0

[Event "27th Czech Open A 2016"]
[Site "Pardubice CZE"]
[Date "2016.07.24"]
[Round "3.75"]
[White "Soumya, Swaminathan"]
[Black "Klecker, Tadeas"]
[Result "1-0"]
[WhiteTitle "WGM"]
[WhiteElo "2370"]
[BlackElo "2207"]
[WhiteFideId "5016193"]
[BlackFideId "326950"]
[EventDate "2016.07.22"]

1. e4 d6 2. d4 e5 3. Nf3 Nc6 4. Bb5 Bd7 5. c3 Nf6 6. O-O g6 7. Re1 Qe7 8. Nbd2
Bg7 9. h3 O-O 10. Ba4 Nh5 11. Nf1 Nf4 12. Kh2 Qd8 13. Be3 h6 14. Ng1 Kh7 15. Qd2
f5 16. dxe5 dxe5 17. Rad1 Be6 18. exf5 Rxf5 19. Ng3 Rf7 20. Qc1 Qe8 21. Ne4 Nd5
22. Nc5 Nxe3 23. Qxe3 Bc8 24. Nf3 Re7 25. Qe4 Bf5 26. Qh4 Rb8 27. Nxb7 Bf8 28.
Na5 Nxa5 29. Bxe8 Rbxe8 30. Qa4 Nb7 31. Qxa7 Nd6 32. Rxe5 Rxe5 33. Nxe5 Nb5 34.
Qb7 Rxe5 35. a4 Bd6 36. Rxd6 Nxd6 37. Qxc7+ Kg8 38. Qxd6 Re6 39. Qc7 h5 40. a5
g5 41. Qd8+ Kf7 42. Qxg5 Bg6 43. b4 Re2 44. Qf4+ 1-0

[Event "27th Czech Open A 2016"]
[Site "Pardubice CZE"]
[Date "2016.07.24"]
[Round "3.76"]
[White "Jasny, Stanislav"]
[Black "Richterova, Natasa"]
[Result "1-0"]
[WhiteTitle "IM"]
[BlackTitle "WFM"]
[WhiteElo "2367"]
[BlackElo "2191"]
[WhiteFideId "311030"]
[BlackFideId "350591"]
[EventDate "2016.07.22"]

1. d4 d5 2. c4 c6 3. Nf3 Nf6 4. Nc3 e6 5. Bg5 Nbd7 6. cxd5 exd5 7. e3 Be7 8. Bd3
O-O 9. Qc2 h6 10. Bh4 Re8 11. O-O-O Ne4 12. Bxe7 Qxe7 13. h3 Rb8 14. Kb1 b5 15.
Bxe4 dxe4 16. Nd2 Nf6 17. Nb3 Be6 18. Nc5 Bc4 19. b3 Bd5 20. g4 a5 21. Rdg1 Nd7
22. Nxd7 Qxd7 23. g5 h5 24. g6 Qf5 25. gxf7+ Bxf7 26. f4 a4 27. Rg5 axb3 28.
axb3 Qe6 29. Rhg1 Ra8 30. Rxg7+ Kf8 31. Kb2 Qe7 32. Nb1 Qa7 33. Kc1 c5 34. Qg2
cxd4 35. Rg8+ Ke7 36. Qxe4+ Kd7 37. Qf5+ Kd8 38. Qf6+ Kc8 39. Rxe8+ Bxe8 40.
Qxd4 Qxd4 41. exd4 Ra2 42. Rg8 Kd7 43. Nd2 Ke7 44. d5 Bf7 45. Rg5 Ra1+ 46. Kb2
Rh1 47. Ne4 Rxh3 48. d6+ Kf8 49. Rf5 Rxb3+ 50. Kc2 Ra3 51. Ng5 Ra7 52. Nxf7 Rxf7
53. d7 Rxf5 54. d8=Q+ Kf7 55. Qd7+ Kf6 56. Qd6+ Kg7 57. Qe7+ Kg6 58. Qe6+ Rf6
59. Qg8+ Kf5 60. Qg5+ Ke6 61. Qe5+ Kf7 62. Qxh5+ Ke6 63. Qe5+ Kf7 64. Kd3 1-0

[Event "27th Czech Open A 2016"]
[Site "Pardubice CZE"]
[Date "2016.07.24"]
[Round "3.77"]
[White "Spalir, Jernej"]
[Black "Burnett, Andrew"]
[Result "1-0"]
[WhiteTitle "FM"]
[BlackTitle "FM"]
[WhiteElo "2364"]
[BlackElo "2174"]
[WhiteFideId "14606518"]
[BlackFideId "2400855"]
[EventDate "2016.07.22"]

1. d4 Nf6 2. c4 g6 3. Nc3 Bg7 4. g3 c5 5. Nf3 cxd4 6. Nxd4 Nc6 7. Bg2 O-O 8. O-O
Nxd4 9. Qxd4 d6 10. Qh4 Re8 11. Bh6 Bh8 12. Rfd1 Qc7 13. Rac1 Be6 14. Nb5 Qb8
15. Bg5 Rd8 16. Rd3 a6 17. Nd4 Bd7 18. Rb3 Ra7 19. Be3 Ng4 20. Nc6 Bxc6 21. Bxa7
Qxa7 22. Qxg4 h5 23. Qg5 Rd7 24. Bd5 Bxd5 25. cxd5 Bf6 26. Qh6 Qb8 27. Rb4 Bg7
28. Qe3 b5 29. Rc6 Rc7 30. Qb6 Qxb6 31. Rxb6 Rc5 32. Rxa6 Rxd5 33. Rb6 1-0

[Event "27th Czech Open A 2016"]
[Site "Pardubice CZE"]
[Date "2016.07.24"]
[Round "3.78"]
[White "Sanders, Isaac B"]
[Black "Petr, Jan1"]
[Result "1/2-1/2"]
[WhiteTitle "FM"]
[WhiteElo "2352"]
[BlackElo "2173"]
[WhiteFideId "417661"]
[BlackFideId "305154"]
[EventDate "2016.07.22"]

1. Nf3 d5 2. b3 Nf6 3. Bb2 c5 4. e3 Nc6 5. Bb5 Bg4 6. h3 Bxf3 7. Bxc6+ bxc6 8.
Qxf3 e6 9. d3 Be7 10. Nd2 O-O 11. e4 Nd7 12. Qe2 g6 13. e5 Qe8 14. O-O f5 15.
exf6 Bxf6 16. Bxf6 Rxf6 17. Rae1 Qf8 18. Nf3 Qd6 19. Ne5 Nxe5 20. Qxe5 Qxe5 21.
Rxe5 Kf7 22. f4 a5 23. a4 Rb8 24. g3 Rf5 25. Rfe1 Rxe5 26. Rxe5 Kf6 27. Kf2 h6
28. h4 Rb4 29. Kf3 Rb8 30. Ke3 Rb4 31. Kd2 Rb8 32. Kc3 Rb4 33. Kb2 Rb8 34. Kc3
Rb4 35. Kd2 h5 36. Ke3 c4 37. dxc4 dxc4 38. Re4 Kf5 39. Kf3 c5 40. Re5+ Kf6 41.
Rxc5 cxb3 42. cxb3 Rxb3+ 43. Kg2 Rb2+ 44. Kh3 Ra2 45. Rxa5 Ra3 46. Ra8 Ra2 47.
a5 Kf7 48. a6 Kg7 49. a7 Kh7 50. Re8 Rxa7 51. Rxe6 Ra2 52. Re7+ Kg8 53. Re6 Kg7
54. Re5 Kf6 1/2-1/2

[Event "27th Czech Open A 2016"]
[Site "Pardubice CZE"]
[Date "2016.07.24"]
[Round "3.79"]
[White "Wehner, Janis"]
[Black "Sylvan, Jacob"]
[Result "1/2-1/2"]
[BlackTitle "FM"]
[WhiteElo "2210"]
[BlackElo "2342"]
[WhiteFideId "4693299"]
[BlackFideId "1402137"]
[EventDate "2016.07.22"]

1. e4 c5 2. Nf3 e6 3. d4 cxd4 4. Nxd4 Nc6 5. Nxc6 bxc6 6. Bd3 d5 7. O-O Nf6 8.
Qe2 Be7 9. c4 dxc4 10. Bxc4 Nxe4 11. Qxe4 Qc7 12. Bf4 Qb7 13. Nc3 O-O 14. Qe2 c5
15. Rad1 Bd7 16. Bd6 Bc6 17. Bxe7 Qxe7 18. Rd3 Rad8 19. Rfd1 Rxd3 20. Rxd3 Rd8
21. Rxd8+ Qxd8 22. Qe5 Qb6 23. Ne2 1/2-1/2

[Event "27th Czech Open A 2016"]
[Site "Pardubice CZE"]
[Date "2016.07.24"]
[Round "3.80"]
[White "Grigorian, Spartak"]
[Black "Lagashin, Pavel"]
[Result "0-1"]
[WhiteElo "2340"]
[BlackElo "2148"]
[WhiteFideId "24661490"]
[BlackFideId "24132144"]
[EventDate "2016.07.22"]

1. d4 d5 2. Nf3 Nf6 3. c4 c6 4. Nc3 e6 5. Bg5 h6 6. Bxf6 Qxf6 7. e4 dxe4 8. Nxe4
Bb4+ 9. Ke2 Qf4 10. Qd3 Be7 11. g3 Qc7 12. Bg2 Nd7 13. Rhe1 b6 14. Kf1 Bb7 15.
Qc3 O-O 16. c5 bxc5 17. dxc5 f5 18. Nd6 Ba6+ 19. Kg1 Nxc5 20. Qxc5 Bxd6 21. Qc3
Rae8 22. Nd4 Be5 23. Qxc6 Qxc6 24. Nxc6 Bxb2 25. Rab1 Bf6 26. Nxa7 Bc4 27. a4 e5
28. Nb5 Rd8 29. Rb4 Bd3 30. Bc6 Be7 31. Rb2 e4 32. a5 Rc8 33. Na7 Rc7 34. Bd5+
Kh7 35. Nc6 Bc5 36. Rc1 Ba3 37. Rcb1 Bxb2 38. Rxb2 Rd8 39. a6 Rxd5 40. a7 Rxc6 0-1

[Event "27th Czech Open A 2016"]
[Site "Pardubice CZE"]
[Date "2016.07.24"]
[Round "3.81"]
[White "Jakubowska, Anna"]
[Black "Thakur, Akash"]
[Result "1/2-1/2"]
[WhiteTitle "WIM"]
[BlackTitle "FM"]
[WhiteElo "2208"]
[BlackElo "2339"]
[WhiteFideId "1121952"]
[BlackFideId "5008514"]
[EventDate "2016.07.22"]

1. e4 e5 2. Nc3 Nc6 3. Bc4 Nf6 4. d3 Bb4 5. Ne2 d5 6. exd5 Nxd5 7. O-O Be6 8.
Bb5 O-O 9. Bxc6 bxc6 10. Kh1 Rb8 11. f4 exf4 12. Nxd5 cxd5 13. Nxf4 Bc8 14. b3
Rb6 15. Bd2 Bc5 16. Qh5 Bb7 17. Rae1 Rh6 18. Qg4 d4 19. Re5 Bd6 20. Rh5 Bc8 21.
Qf3 Rf6 22. Qd1 Re8 23. Rd5 Rh6 24. Rh5 Rxh5 25. Qxh5 Qf6 26. Kg1 g6 27. Qb5 Qe5
28. Qa4 Rf8 29. Re1 Qc5 30. Qc4 Qg5 31. g3 Bb7 32. c3 dxc3 33. Bxc3 Bxf4 34.
Qxf4 Qd5 35. Qe4 Qc5+ 36. Qd4 Qxd4+ 37. Bxd4 Ba6 38. Re7 Bxd3 39. Bxa7 c6 40.
Rc7 Be4 41. a4 Bc2 42. Rxc6 Bxb3 43. a5 Bd5 44. Rd6 Bc4 45. Bb6 h6 46. Kf2 Rc8
47. Rd8+ Rxd8 48. Bxd8 Kf8 49. Ke3 Ke8 50. Kd4 Be2 51. Bf6 Kd7 52. Bg7 h5 53.
Ke5 Kc6 54. Bh6 Kc5 55. Bd2 Bc4 56. Kf6 Bb3 57. h4 Kb5 58. Ke7 1/2-1/2

[Event "27th Czech Open A 2016"]
[Site "Pardubice CZE"]
[Date "2016.07.24"]
[Round "3.82"]
[White "Wallner, Joachim"]
[Black "Ciolek, Andreas"]
[Result "1-0"]
[WhiteTitle "FM"]
[WhiteElo "2333"]
[BlackElo "2134"]
[WhiteFideId "1608720"]
[BlackFideId "12906727"]
[EventDate "2016.07.22"]

1. Nf3 Nf6 2. b3 g6 3. Bb2 Bg7 4. c4 O-O 5. g3 d6 6. Bg2 e5 7. O-O Nc6 8. Nc3 h6
9. d4 Re8 10. dxe5 dxe5 11. Qc1 e4 12. Rd1 Qe7 13. Ne1 e3 14. Qxe3 Qxe3 15. fxe3
Bf5 16. Nb5 Rxe3 17. Nxc7 Rc8 18. Nb5 Rxe2 19. Bc3 Bg4 20. h3 Rxg2+ 21. Nxg2
Bxd1 22. Rxd1 a6 23. Nd6 Rd8 24. Ne3 Rxd6 25. Rxd6 Ne4 26. Bxg7 Nxd6 27. Bxh6
Ne4 28. Bf4 Nd4 29. Nd5 f5 30. Kg2 Kf7 31. Be5 Ne2 32. Bf4 Nd4 33. Be3 Ne2 34.
g4 N2g3 35. Kf3 Ke6 36. gxf5+ gxf5 37. a4 Nf1 38. Nf4+ Ke5 39. Nd3+ Ke6 40. Nc1
Nfg3 41. Bf4 Nh5 42. h4 Kd7 43. Ne2 Ke6 44. Nd4+ Kf6 45. a5 Nc5 46. Ke3 Kg6 47.
Bd6 Ne4 48. Be5 Nc3 49. b4 Ne4 50. Ne6 Nhf6 51. Nf4+ Kf7 52. Bxf6 Kxf6 53. Kd4
Nd2 54. Kd5 Nf3 55. Ng2 Ne5 56. b5 Nd3 57. Kd4 Ne5 58. Kc5 Ke6 59. Nf4+ Kd7 60.
h5 Kc7 61. h6 Nf7 62. h7 Nh8 63. b6+ Kd7 64. Kd5 Ke7 65. c5 Kd7 66. Nd3 Ke7 67.
c6 1-0

[Event "27th Czech Open A 2016"]
[Site "Pardubice CZE"]
[Date "2016.07.24"]
[Round "3.83"]
[White "Urban, Lars"]
[Black "Vyskocil, Neklan"]
[Result "1/2-1/2"]
[BlackTitle "IM"]
[WhiteElo "2205"]
[BlackElo "2323"]
[WhiteFideId "4644034"]
[BlackFideId "307106"]
[EventDate "2016.07.22"]

1. d4 Nf6 2. c4 e6 3. Nc3 Bb4 4. e3 O-O 5. Nf3 d5 6. a3 Bxc3+ 7. bxc3 b6 8. cxd5
exd5 9. Bd3 Bg4 10. Qc2 Nbd7 11. Ne5 1/2-1/2

[Event "27th Czech Open A 2016"]
[Site "Pardubice CZE"]
[Date "2016.07.24"]
[Round "3.84"]
[White "Kutynec, Vladimir"]
[Black "Solozhenkina, Elizaveta"]
[Result "0-1"]
[WhiteTitle "IM"]
[BlackTitle "WFM"]
[WhiteElo "2322"]
[BlackElo "2123"]
[WhiteFideId "4119843"]
[BlackFideId "34106615"]
[EventDate "2016.07.22"]

1. Nf3 Nf6 2. c4 e6 3. g3 d5 4. d4 Be7 5. Bg2 O-O 6. O-O dxc4 7. Na3 Bxa3 8.
bxa3 Bd7 9. Qc2 b5 10. a4 a6 11. Ne5 Nd5 12. e4 Nb6 13. a5 Na4 14. Ba3 Re8 15.
Rad1 Ra7 16. f4 c5 17. d5 Qxa5 18. Nxd7 Nxd7 19. dxe6 fxe6 20. e5 Qc3 21. Qxc3
Nxc3 22. Rd6 b4 23. Bc6 Re7 24. Bb2 Nb5 25. f5 exf5 26. Bd5+ Kf8 27. Rxf5+ Ke8
28. Bxc4 g6 29. Rc6 Nc7 30. Rff6 Nxe5 31. Bxe5 Rxe5 32. Rf7 Re7 33. Rff6 Re5 34.
Rf7 Re7 35. Rf4 Re5 36. Rf7 Re1+ 37. Kf2 Re7 38. Rf4 Re5 39. Rf7 Re7 40. Rff6
Re5 41. g4 a5 42. Kf3 a4 43. Kf4 Re7 44. Rxc5 b3 45. h4 Rb7 46. axb3 axb3 47. h5
b2 48. Ba2 Ra7 49. Bb1 Ra1 50. Bc2 Ne6+ 51. Rxe6 Rxe6 52. hxg6 hxg6 53. Rb5 Ke7
54. Rb7+ Kf8 55. Rxb2 Ra5 56. Rb8+ Ke7 57. g5 Rc6 58. Rb7+ Kd8 59. Bb3 Rcc5 60.
Rg7 Rf5+ 0-1

[Event "27th Czech Open A 2016"]
[Site "Pardubice CZE"]
[Date "2016.07.24"]
[Round "3.85"]
[White "Dovzhenko, Viktor"]
[Black "Machan, Jan"]
[Result "0-1"]
[WhiteTitle "IM"]
[BlackTitle "FM"]
[WhiteElo "2191"]
[BlackElo "2322"]
[WhiteFideId "14105985"]
[BlackFideId "334774"]
[EventDate "2016.07.22"]

1. e4 d6 2. d4 Nf6 3. Nc3 Nbd7 4. Nf3 e5 5. Be2 Be7 6. g4 exd4 7. Qxd4 Nc5 8. g5
Ne6 9. Qc4 Nd7 10. h4 c6 11. a4 Ne5 12. Nxe5 dxe5 13. Be3 Qa5 14. O-O-O Bc5 15.
Bxc5 Qxc5 16. Qxc5 Nxc5 17. Rd6 Ne6 18. Bc4 Ke7 19. Rd2 h6 20. Rg1 hxg5 21. Bxe6
Bxe6 22. hxg5 a5 23. b3 Rh3 24. Kb2 Rah8 25. Ne2 Rf3 26. Rg2 Rh4 27. Ng1 Rff4
28. f3 Rh1 29. Rdf2 Rfh4 30. Ne2 Rd1 31. Ng3 b5 32. axb5 cxb5 33. Rd2 Rxd2 34.
Rxd2 Rh3 35. Rg2 Kd6 36. Kc3 Kc5 37. b4+ axb4+ 38. Kd3 b3 39. cxb3 Bxb3 40. Ke3
g6 41. f4 exf4+ 42. Kxf4 Rh4+ 43. Kf3 Bd1+ 44. Kf2 Rg4 45. Rg1 Bb3 46. Kf3 Be6
47. Rc1+ Kb6 48. Ne2 Rxg5 49. Nd4 Rc5 50. Rb1 Rc3+ 51. Kf4 Bc4 52. Ke5 Kc5 53.
Rd1 Rd3 54. Rxd3 Bxd3 55. Nb3+ Kc4 56. Na5+ Kc3 57. Nb7 b4 58. Nd6 b3 59. Kf6 b2
60. Kxf7 b1=Q 61. e5 Qf1+ 0-1

[Event "27th Czech Open A 2016"]
[Site "Pardubice CZE"]
[Date "2016.07.24"]
[Round "3.86"]
[White "Nun, Jiri"]
[Black "Oberhofer, Cedric"]
[Result "1/2-1/2"]
[WhiteTitle "IM"]
[WhiteElo "2317"]
[BlackElo "2091"]
[WhiteFideId "300179"]
[BlackFideId "12941220"]
[EventDate "2016.07.22"]

1. e4 c5 2. Nf3 d6 3. c3 Nf6 4. Be2 Nbd7 5. d3 b6 6. O-O Bb7 7. Nbd2 e6 8. Re1
Be7 9. Bf1 O-O 10. d4 Rc8 11. e5 dxe5 12. dxe5 Nd5 13. c4 Nf4 14. g3 Ng6 15. Bg2
Bxf3 16. Bxf3 Ndxe5 17. Be4 Nd3 18. Re3 Nxc1 19. Qxc1 Qc7 20. Qc2 Rcd8 21. Nf1
Rd7 22. Rae1 Rfd8 23. R3e2 Kh8 24. f4 Bf6 25. Kh1 Ne7 26. Nd2 g6 27. Nf3 Nc6 28.
h4 Nd4 29. Nxd4 Rxd4 30. Kg2 R8d6 31. Bf3 Qd7 32. b3 h5 33. Qc1 Rd2 34. Rxd2
Rxd2+ 35. Re2 Rd1 36. Qe3 Kg7 37. Qe4 Ra1 38. Rc2 Qd4 39. Qxd4 Bxd4 40. Be4 f5
41. Bc6 e5 42. fxe5 Bxe5 43. Re2 Kf6 44. Bd5 Rd1 45. Rf2 Rd4 46. Bf3 Rd3 47. Re2
a5 48. Rc2 Rd4 49. Kf2 f4 50. g4 hxg4 51. Bxg4 f3 52. Bxf3 Rxh4 53. Rc1 Rd4 54.
Ke2 g5 55. Bc6 Bf4 56. Rd1 Ke5 57. Rd3 g4 58. a4 Bc1 59. Rd1 Rxd1 60. Kxd1 Bg5
61. Ke2 Kd4 62. Bd7 Kc3 63. Kf2 Kxb3 64. Bb5 Bf4 65. Kg2 Kc3 66. Ba6 Kd3 67. Bb5
Bc7 68. Ba6 Kc3 69. Bb5 Kb4 70. Kf2 g3+ 1/2-1/2

[Event "27th Czech Open A 2016"]
[Site "Pardubice CZE"]
[Date "2016.07.24"]
[Round "3.87"]
[White "Volodin, Viktor"]
[Black "Lerch, Philipp"]
[Result "1-0"]
[WhiteTitle "IM"]
[BlackTitle "FM"]
[WhiteElo "2190"]
[BlackElo "2315"]
[WhiteFideId "4108701"]
[BlackFideId "4654129"]
[EventDate "2016.07.22"]

1. Nf3 Nf6 2. c4 g6 3. d4 Bg7 4. g3 O-O 5. Bg2 d6 6. O-O Nbd7 7. Nc3 e5 8. h3 c6
9. e4 Qb6 10. Re1 exd4 11. Nxd4 Re8 12. Re2 Qb4 13. Rc2 Nc5 14. a3 Qb6 15. Be3
Qc7 16. f3 a5 17. b4 axb4 18. axb4 Rxa1 19. Qxa1 Nd3 20. b5 c5 21. Nb3 Be6 22.
Nd2 Nh5 23. g4 Nhf4 24. Bf1 Nb4 25. Rc1 Nfd3 26. Bxd3 Nxd3 27. Rc2 Nb4 28. Rc1
Bxc4 29. b6 Qb8 30. Nxc4 d5 31. e5 dxc4 32. f4 Nd3 33. Rc2 Qd8 34. Rd2 Qxb6 35.
Qa4 Qe6 36. Ne4 Rd8 37. Nxc5 Qd5 38. Qa5 Bf8 39. Nxb7 Qxa5 40. Nxa5 Bb4 41. Nxc4
Bxd2 42. Nxd2 Ra8 43. Kg2 Ra3 44. Kf3 Ne1+ 45. Ke4 Ra4+ 46. Bd4 Ra2 47. Bc3 Ra3
48. Nb1 Ra4+ 49. Kd5 Rxf4 50. Nd2 Nc2 51. e6 fxe6+ 52. Kxe6 Nd4+ 53. Kd5 Ne2 54.
Be5 Rf8 55. Ne4 Nf4+ 56. Kd6 Nxh3 57. Ke7 Rf7+ 58. Ke8 Rf1 59. Nf6+ Kg7 60. g5
Nxg5 61. Ng4+ 1-0